000 00389nam a2200157Ia 4500
003 LK-CoDNM
008 010623t1924 xxu||||| |||| 00| 1 eng d
040 _aLK-CoDNM
_dLK-CoDNM
_eLK-CoDNM
041 _aeng
080 _a50
_bC16
100 _aAhmad,Hazrat Mirza Ghulam
245 _aTrue Salvation
260 _bCeylon Ahmadiyya Association
_c1924
300 _b24P., 21 cm
942 _cBK
999 _c92276
_d92276